Central Library OPAC University of Rajshahi

The report of a conference on the feminine point of view / (Record no. 57781)

MARC details
000 -LEADER
fixed length control field 00708nam a2200229 a 4500
001 - CONTROL NUMBER
control field 57781
003 - CONTROL NUMBER IDENTIFIER
rucl marc code BD-RJUL
005 - DATE AND TIME OF LATEST TRANSACTION
control field 20211209080542.0
008 - FIXED-LENGTH DATA ELEMENTS--GENERAL INFORMATION
fixed length control field 161211s1952 enk 100 0 eng
035 ## - SYSTEM CONTROL NUMBER
System control number BD-RJUL 57905
040 ## - CATALOGING SOURCE
Original cataloging agency DLC
Transcribing agency XBM
Modifying agency m.c
Language of cataloging eng
041 ## - LANGUAGE CODE
Language code of text/sound track or separate title eng
082 ## - DEWEY DECIMAL CLASSIFICATION NUMBER
Edition number 23
Classification number 305.43
Author mark and year REP 1952
245 04 - TITLE STATEMENT
Title The report of a conference on the feminine point of view /
Statement of responsibility, etc. drafted by Olwen W. Campbell.
246 30 - VARYING FORM OF TITLE
Title proper/short title Conference on the feminine point of view
Title proper/short title Feminine point of view
260 ## - PUBLICATION, DISTRIBUTION, ETC. (IMPRINT)
Place of publication, distribution, etc. London :
Name of publisher, distributor, etc. Williams & Norgate,
Date of publication, distribution, etc. [1952]
300 ## - PHYSICAL DESCRIPTION
Pagination 60 p. ;
Size 20 cm.
650 #0 - SUBJECT ADDED ENTRY--TOPICAL TERM
Topical term or geographic name as entry element Women
General subdivision Social conditions
9 (RLIN) 170617
700 1# - ADDED ENTRY--PERSONAL NAME
Personal name Campbell, Olwen Ward.
942 ## - ADDED ENTRY ELEMENTS (KOHA)
Source of classification or shelving scheme Dewey Decimal Classification
Koha item type Books
Holdings
Lost status Source of classification or shelving scheme Damaged status Not for loan Collection code Permanent Location Current Location Shelving location Date acquired Source of acquisition Total Checkouts Full call number Date last seen Copy number Koha item type
  Dewey Decimal Classification   Not For Loan Non-fiction Central Library, University of Rajshahi Central Library, University of Rajshahi Reading Room 22/03/1974 B,N.C.C   305.43 REP 1952 11/12/2016 C-1 Books